Countries: After B Quiz Stats

 Plays Quiz Updated Jul 14, 2016

Also try: Countries: After O
Challenge
Share
Tweet
Embed
Score 0/10 Timer 03:00
0 Plays Today
Letter after 'B' Country % Correct
AAlbania, ...
95.7%
ELiberia, ...
94.6%
OBosnia and Herzegovina, ...
88.5%
RBrazil, ...
83.2%
UAntigua and Barbuda, ...
81.1%
HBhutan
76.2%
ISaudi Arabia, ...
70.1%
WZimbabwe
52.5%
YLibya
51.2%
LDemocratic Republic of the Congo,...
28.8%

You're not logged in!

Compare scores with friends on all Sporcle quizzes.
Join for Free
OR
Log In

You Might Also Like...

Show Comments

Extras

Top Quizzes Today


Score Distribution

Your Account Isn't Verified!

In order to create a playlist on Sporcle, you need to verify the email address you used during registration. Go to your Sporcle Settings to finish the process.

Report this User

Report this user for behavior that violates our Community Guidelines.

Details: